| 000 | 01262nam a2200277 a 4500 | ||
|---|---|---|---|
| 001 | 000026493 | ||
| 005 | 20241009100000.0 | ||
| 008 | 110321s2011 dr a 000 0 spa d | ||
| 020 | _z9993445118 | ||
| 040 |
_aDO-SdBNP _bspa _cBNPHU |
||
| 082 |
_a460.7 _bG216c, 2011 |
||
| 100 | 1 |
_aGarcía Molina, Bartolo _96 |
|
| 245 | 1 | 0 |
_aCompetencias comunicativas : _blengua española para nivelación / _cBartolo García Molina. |
| 250 | _a3ª ed. | ||
| 260 |
_aSanto Domingo : _bSurco, _c2011. |
||
| 300 |
_a213 p. : _bil. ; _c22 cm. |
||
| 500 | _aIncluye datos biográficos del autor en la solapa de la cubierta. | ||
| 505 | 0 |
_tCompetencias comunicativas -- _tExpresión oral y competencia lectora _tDelicias orales, confrontación textual, uso de la coma y de las comillas -- _tIntuición oracional, uso del punto y otros signos -- _tEl ritmo, metacognición, usos de b-v -- _tTrabalenguas y usos de c-s-z -- _tAprendiendo a escuchar, uso de g-j-ll-h-y, verbos terminado en ear-iar -- _tBibliografía. |
|
| 504 | _aBibliografía : p. 211-213 | ||
| 590 | _aInventariado, 2018/LP | ||
| 650 | 4 |
_aEspañol _xEnseñanza _9406 |
|
| 650 | 4 |
_aLenguaje y lenguas _9407 |
|
| 650 | 0 |
_aComunicación _9378 |
|
| 650 | 4 |
_aLectura _9408 |
|
| 910 | _aValidado. Control de calidad EMS | ||
| 999 |
_c25985 _d25985 |
||